Normal view
MARC view
- Mathematical Methods in Physics
Entry Topical Term
001 - CONTROL NUMBER
- control field: 82435
003 - CONTROL NUMBER IDENTIFIER
- control field: NUST
005 - DATE AND TIME OF LATEST TRANSACTION
- control field: 20210914114215.0
008 - FIXED-LENGTH DATA ELEMENTS
- fixed length control field: 210914|| aca||aabn | a|a d
040 ## - CATALOGING SOURCE
- Original cataloging agency: NUST
- Transcribing agency: NUST
150 ## - HEADING--TOPICAL TERM
- Topical term or geographic name entry element: Mathematical Methods in Physics
670 ## - SOURCE DATA FOUND
- Source citation: Work cat.: (NUST)32534: Hoffman, Johan. author. 82432, Computational Turbulent Incompressible Flow
